10 Europäische Länder mit den meisten Touristen - Statistiken

Allgemein
  • Dieses Quiz wurde 333 mal gespielt
  • Das Durchschnittsergebnis liegt bei 9 aus 10
Antwortstatistiken
# Ankunft Land % Korrekt
35.6 m Deutschland
99%
82.6 m Frankreich
99%
75.6 m Spanien
99%
52.4 m Italien
98%
35.8 m Vereinigtes Königreich
91%
24.8 m Griechenland
90%
28.1 m Österreich
86%
17.5 m Polen
80%
15.8 m Niederlande
79%
24.6 m Russland
79%
Keine übereinstimmenden Quizze gefunden
Verteilung der Resultate
Anzahl Personen mit jedem Resultat
Perzentil nach korrekt beantworteten Fragen
Ihre Resultats-Entwicklung
Sie haben dieses Quiz noch nicht gespielt